000
00294nam a22001337a 4500
008
171127b xxu||||| |||| 00| 0 eng d
020
_a
9780805366501
041
_a
eng
080
_2
3 ED
_a
54
100
_a
12
101
_a
KIM
245
_a
ORGANIC CHEMISTRY
_c
MARC.G.L
942
_2
udc
_c
BK
999
_c
38559
_d
38559